000 00569nam a2200181Ia 4500
005 20250423095455.0
008 250422s9999 xx 000 0 und d
020 _a9780470878170
050 _aTN 871.2 .H67/
100 _aHossain, M. E.
245 0 _aFundamentals of sustainable drilling engineering
260 _aNew Jersey
260 _bJohn Wiley and Son
260 _c2015
300 _a751 p
650 _aOil well drilling. Gas well drilling. Sustainable engineering. TECHNOLOGY & ENGINEERING / Power Resources / Fossil Fuels. bisacsh
942 _cBK
999 _c30383
_d30383